00730nam a2200241 a 4500001001300000003000900013005001700022008004100039020002300080082001600103100002300119245005100142260005000193300000900243500003500252505001000287650000900297700002300306902000800329942000700337952012900344999001500473nice12345678IN_TiNIC20260116013059.0050524s1985 cama grp 000 0 eng  a052186X c16000a297.35bKOZ aKozlowski, Gregory aMuslim Endowments and Society in British India aCambridge bCambridge University Press c1985 a211p aincludes index and biblioraphy2 aIndex aWaqf1 aKozlowski, Gregory bSRS cBK 001040708StackRoom-aHMIbHMId2007-07-31g160.00l1o297.35 KOZp018700r2018-11-27s2018-11-20v160.00w2005-05-24yBK c9569d9569